Statistics for Periodic Table by Symbol - 60 Second Sprint

Click here to take the quiz!

General Stats

  • This quiz has been taken 684 times
  • The average score is 28 of 118

Answer Stats

#SymbolSymbol% Correct
1HH
98%
7NN
95%
6CC
92%
8OO
92%
5BB
88%
9FF
85%
2HeHe
84%
16SS
78%
15PP
74%
19KK
73%
3LiLi
70%
53II
65%
10NeNe
62%
18ArAr
57%
4BeBe
55%
11NaNa
53%
79AuAu
47%
74WW
47%
39YY
47%
20CaCa
46%
17ClCl
46%
12MgMg
44%
92UU
44%
47AgAg
43%
23VV
43%
54XeXe
40%
13AlAl
38%
35BrBr
36%
25MnMn
36%
27CoCo
34%
36KrKr
34%
33AsAs
33%
29CuCu
33%
26FeFe
32%
14SiSi
32%
22TiTi
30%
24CrCr
29%
30ZnZn
28%
88RaRa
27%
28NiNi
25%
56BaBa
22%
87FrFr
21%
32GeGe
21%
34SeSe
20%
52TeTe
19%
31GaGa
18%
118OgOg
18%
37RbRb
18%
21ScSc
18%
85AtAt
16%
50SnSn
16%
57LaLa
15%
38SrSr
15%
82PbPb
14%
44RuRu
14%
89AcAc
13%
58CeCe
13%
55CsCs
13%
68ErEr
13%
86RnRn
13%
51SbSb
13%
95AmAm
12%
114FlFl
12%
80HgHg
12%
102NoNo
12%
45RhRh
12%
90ThTh
12%
99EsEs
11%
42MoMo
11%
84PoPo
11%
75ReRe
11%
73TaTa
11%
49InIn
10%
77IrIr
9%
41NbNb
9%
94PuPu
9%
81TlTl
9%
70YbYb
9%
83BiBi
8%
48CdCd
8%
91PaPa
8%
78PtPt
8%
43TcTc
8%
40ZrZr
8%
96CmCm
7%
71LuLu
7%
76OsOs
7%
117TsTs
7%
110DsDs
6%
101MdMd
6%
46PdPd
6%
107BhBh
5%
112CnCn
5%
72HfHf
5%
67HoHo
5%
103LrLr
5%
116LvLv
5%
93NpNp
5%
59PrPr
5%
66DyDy
4%
63EuEu
4%
108HsHs
4%
115McMc
4%
109MtMt
4%
104RfRf
4%
62SmSm
4%
65TbTb
4%
69TmTm
4%
98CfCf
3%
113NhNh
3%
106SgSg
3%
97BkBk
2%
105DbDb
2%
64GdGd
2%
61PmPm
2%
111RgRg
2%
100FmFm
1%
60NdNd
1%

Score Distribution

Percentile by Number Answered

Percent of People with Each Score

Your Score History

You have not taken this quiz